000
00339pab a2200145 454500
008
180718b1989 xxu||||| |||| 00| 0 eng d
100
_a
Lahiri, Apala
245
_a
Why Indian brides are for burning?
260
_c
1989
300
_a
13-14
362
_a
9 Apr.
650
_a
Women - India
773
_a
Democratic World
909
_a
20921
999
_c
20921
_d
20921